000 00946cam a2200325 a 4500
001 95840
005 20230410123448.0
008 971210s1993 nyu 001 0 eng
010 _a 97223618
035 _a(OCoLC)ocm30630338
040 _aDLC
_cDLC
_dOCL
_dBTCTA
020 _a1565420918
020 _a9781565420915
035 _a(OCoLC)30630338
050 1 4 _aKF 561
_bE53p 1993
082 0 0 _a346.7304
100 1 _aEmanuel, Steven
245 1 0 _aProperty /
_cby Steven L. Emanuel.
250 _a4a ed.
260 _aLarchmont, NY :
_bEmanuel Publishing Corp.,
_c1993.
300 _axxvi, 58, 465 p. ;
_c28 cm.
440 0 _aEmanuel law outlines
500 _aIncludes indexes.
650 0 _aProperty
_zUnited States
_vOutlines, syllabi, etc.
650 0 _aReal property
_zUnited States
_vOutlines, syllabi, etc.
938 _aBaker and Taylor
_bBTCP
_n97223618
942 _2lcc
_cbk
946 _amjcruz
994 _aC0
_bDRFGD
999 _c61932
_d61932